| 000 | 01745nam0a2200349 i 4500 | ||
|---|---|---|---|
| 001 | RU\NLR\BIBL_A\011172077 | ||
| 005 | 20260405214615.0 | ||
| 010 |
_a9785738917028 _9500 |
||
| 021 |
_aRU _b2016-49362 _93169 |
||
| 035 | _a(NILC)RuMoRGB-008525028 | ||
| 035 | _a(NLR Aleph) 011172077 | ||
| 090 |
_a11770693 _c11770693 |
||
| 100 | _a20160705d2016 k y0rusy50 ca | ||
| 101 | 0 |
_arus _aeng |
|
| 102 | _aRU | ||
| 105 | _aa|||z|||000yy | ||
| 200 | 1 |
_aМоделирование теплообмена в мантии и ядре Земли _fС.В. Соловьев _gМ-во образования и науки Рос. Федерации, Федер. гос. бюджет. образоват. учреждение высш. образования "Тихоокеан. гос. ун-т" |
|
| 210 |
_aХабаровск _cИзд-во ТОГУ _d2016 |
||
| 215 |
_a195 с. _cил. _d21 |
||
| 300 | _aЧасть текста на англ. яз. | ||
| 320 | _aБиблиогр.: с. 194 (18 назв.) | ||
| 606 |
_aМантия Земли _xКонвективный теплообмен _xМатематическое моделирование _92248473 _3RU\NLR\AUTH\661348829 |
||
| 606 |
_aЯдро Земли _xКонвективный теплообмен _xМатематическое моделирование _92248474 _3RU\NLR\AUTH\661348830 |
||
| 675 | _a551.1 | ||
| 686 | 1 | _aД213.45в641.0 | |
| 700 | 1 |
_7ca _8rus _aСоловьев _bС. В. _cд-р физ.-мат. наук _f1949- _gСергей Викторович _980480 _3RU\NLR\AUTH\7797554 |
|
| 801 | 0 |
_aRU _bРГБ _c20160622 _gRCR |
|
| 801 | 1 |
_aRU _bРГБ _c20160622 _2rusmarc |
|
| 942 | _cBOOK | ||
| 980 | _aNBR | ||